| 000 | 00000nam##2200000za#4500 |
| 001 | 9.581474 |
| 003 | CaOODSP |
| 005 | 20251031142446 |
| 007 | cr ||||||||||| |
| 008 | 150406|2014||||xxc|||||o f|0| 0 eng|d |
| 040 | |aCaOODSP|beng |
| 043 | |an-cn--- |
| 086 | 1 |aM183-2/7658E-PDF |
| 110 | 2 |aGeological Survey of Canada. |
| 245 | 10|aShallow drilling and piezometer installations near Killarney, Manitoba for hydrogeological investigations of the Spiritwood buried valley aquifer / |h[electronic resource]|c[by] M.J. Hinton and D.R. Sharpe. |
| 260 | |aOttawa - Ontario : |bNatural Resources Canada. |c2014. |
| 300 | |a106p.|bfigs., graphs, tables |
| 490 | 1 |aOpen file (Geological Survey of Canada)|v7658 |
| 590 | |a15-08|b2015-02-20 |
| 830 | #0|aOpen file (Geological Survey of Canada)|v7658|w(CaOODSP)9.506878 |
| 856 | 40|ahttp://publications.gc.ca|qPDF|s11.05 MB|uhttps://publications.gc.ca/collections/collection_2015/rncan-nrcan/M183-2-7658-eng.pdf|y7658 |